| 000 | 00430nam a22001697a 4500 | ||
|---|---|---|---|
| 003 | CEME | ||
| 005 | 20210628202908.0 | ||
| 008 | 210203b xxu||||| |||| 00| 0 eng d | ||
| 040 | _c. | ||
| 082 | _a620.11292 FRI | ||
| 100 |
_aMeyer, W.E _962207 |
||
| 245 | _aFrictional interaction of tire and pavement | ||
| 260 |
_aUSA _bASTM _c1983 |
||
| 300 | _a334P | ||
| 650 |
_aFRICTIONAL OF TYRE AND PAVEMENT _962208 |
||
| 942 |
_cBK _2ddc |
||
| 999 |
_c571388 _d571388 |
||